[Event "Madrid ch - Previa A"]
[Site "Madrid ESP"]
[Date "2009.11.12"]
[Round "6.14"]
[White "Beekhof Harmsen, Willen"]
[Black "Rodriguez Bachiller, Luis"]
[Result "0-1"]
[WhiteElo "1872"]
[BlackElo "1879"]
[PlyCount "96"]
[EventDate "2009.11.02"]
[EventType "swiss"]
[EventRounds "9"]
[EventCountry "ESP"]
[Source "lmi"]
[SourceDate "2009.11.02"]

1. d4 Nf6 2. Nf3 d6 3. g3 c5 4. Bg2 Bd7 5. O-O cxd4 6. Nxd4 Nc6 7. e3 g6 8. b3
Nxd4 9. exd4 Qc7 10. c4 Bg7 11. Bb2 Rc8 12. Nd2 O-O 13. Rc1 Qb8 14. Re1 Rfe8
15. Nf1 b5 16. Ba1 bxc4 17. bxc4 Qb4 18. Ne3 Ba4 19. Qd3 Qb6 20. Rb1 Qc7 21.
Rb7 Qa5 22. Reb1 Bc6 23. Bxc6 Rxc6 24. Qb3 Rb6 25. Rxb6 axb6 26. Bc3 Qa6 27. f3
Ra8 28. Rb2 Bh6 29. Nc2 Nd7 30. Kf2 Qa4 31. f4 Bg7 32. Qb5 Qxb5 33. cxb5 Rc8
34. Rb3 e5 35. Nb4 exd4 36. Nc6 dxc3 37. Rxc3 Bxc3 38. Ne7+ Kf8 39. Nxc8 Bd4+
40. Kf3 Bc5 41. g4 Ke8 42. Na7 Nb8 43. Ke4 Kd7 44. h4 h5 45. gxh5 gxh5 46. Kf5
d5 47. Ke5 d4 48. Ke4 Kc7 0-1

[Event "Madrid ch - Previa A"]
[Site "Madrid ESP"]
[Date "2009.11.12"]
[Round "6.15"]
[White "Franco Rincon, David"]
[Black "Gabriel Y Galan Acevedo, Jesus"]
[Result "0-1"]
[WhiteElo "1824"]
[BlackElo "1981"]
[PlyCount "68"]
[EventDate "2009.11.02"]
[EventType "swiss"]
[EventRounds "9"]
[EventCountry "ESP"]
[Source "lmi"]
[SourceDate "2009.11.02"]

1. e4 d6 2. d4 Nf6 3. Nc3 g6 4. Nf3 Bg7 5. Bf4 c6 6. h3 O-O 7. Bd3 Nbd7 8. Qd2
Qa5 9. O-O e5 10. Ne2 Qxd2 11. Bxd2 exd4 12. Nexd4 Nc5 13. e5 dxe5 14. Nxe5
Nfe4 15. Bxe4 Bxe5 16. Nxc6 Nxe4 17. Nxe5 Nxd2 18. Rfe1 f6 19. Ng4 Bxg4 20.
hxg4 Rfe8 21. Red1 Rad8 22. f3 Nc4 23. b3 Ne3 24. Rxd8 Rxd8 25. c4 Rd2 26. Re1
Rd1 27. Kf2 Rxe1 28. Kxe1 Nxg2+ 29. Ke2 Kf7 30. Kd3 Ke6 31. b4 Kd6 32. a4 Ne1+
33. Ke4 Nc2 34. c5+ Kc6 0-1

[Event "Madrid ch - Previa A"]
[Site "Madrid ESP"]
[Date "2009.11.12"]
[Round "6.16"]
[White "Huerta Navarro, Eusebio"]
[Black "Corredor Gonzalez, Angel L"]
[Result "1-0"]
[WhiteElo "1948"]
[BlackElo "1806"]
[PlyCount "93"]
[EventDate "2009.11.02"]
[EventType "swiss"]
[EventRounds "9"]
[EventCountry "ESP"]
[Source "lmi"]
[SourceDate "2009.11.02"]

1. d4 Nf6 2. c4 e5 3. dxe5 Ng4 4. Nf3 Bc5 5. e3 Nc6 6. Nc3 Ngxe5 7. Nxe5 Nxe5
8. Qd5 d6 9. Be2 c6 10. Qd1 Be6 11. b3 O-O 12. Bb2 Qg5 13. O-O Bh3 14. Bf3 f5
15. Na4 Nxf3+ 16. Qxf3 Bg4 17. Qg3 Qe7 18. Nxc5 dxc5 19. Be5 Rad8 20. f3 Bh5
21. Rad1 Bg6 22. Kh1 Rxd1 23. Rxd1 Rd8 24. Rxd8+ Qxd8 25. Bd6 b5 26. Qe5 bxc4
27. bxc4 Bf7 28. Qxc5 Qh4 29. h3 Qxc4 30. Qxa7 h6 31. a4 Qd5 32. Qe7 Bh5 33.
Be5 Qf7 34. Qd8+ Kh7 35. Qd4 Qd5 36. Kg1 Qxd4 37. Bxd4 Bf7 38. Kf2 Kg6 39. a5
Bc4 40. Ke1 Kf7 41. Kd2 g6 42. Kc3 Bb5 43. Kb4 h5 44. Kc5 Ke6 45. h4 Kd7 46.
Kb6 Kc8 47. Be5 1-0

[Event "Madrid ch - Previa A"]
[Site "Madrid ESP"]
[Date "2009.11.12"]
[Round "6.18"]
[White "Maseda Iglesias, Luis"]
[Black "Marcelo De La Mata, Daniel"]
[Result "1/2-1/2"]
[WhiteElo "1839"]
[BlackElo "1632"]
[PlyCount "106"]
[EventDate "2009.11.02"]
[EventType "swiss"]
[EventRounds "9"]
[EventCountry "ESP"]
[Source "lmi"]
[SourceDate "2009.11.02"]

1. d4 c5 2. d5 e5 3. e4 d6 4. Nc3 Ne7 5. Bb5+ Nd7 6. Nf3 Ng6 7. O-O Be7 8. a4
a6 9. Be2 O-O 10. Be3 f5 11. exf5 Rxf5 12. Bd3 Rf8 13. Bxg6 hxg6 14. Qd3 Qe8
15. h3 Nf6 16. Qc4 Bd8 17. Rfd1 Nh7 18. Ne4 Bc7 19. Neg5 Nf6 20. Qh4 e4 21. Nd2
Bd8 22. Ndxe4 Nh5 23. Nxd6 Qe5 24. Nxc8 Rxc8 25. Qe4 Qxe4 26. Nxe4 Nf6 27. Nxc5
Rf7 28. Ne6 Rd7 29. Nxd8 Rdxd8 30. c3 Nxd5 31. Bg5 Nf6 32. Rxd8+ Rxd8 33. Re1
Kf7 34. a5 Rd5 35. Bxf6 gxf6 36. b4 Rd3 37. Re3 Rd2 38. c4 Rb2 39. b5 Rb1+ 40.
Kh2 axb5 41. cxb5 Rxb5 42. Ra3 g5 43. Kg3 Kg6 44. f4 gxf4+ 45. Kxf4 Rb4+ 46.
Kf3 Kf5 47. g3 Kg5 48. h4+ Kh5 49. a6 bxa6 50. Ra5+ Kg6 51. Rxa6 Rb5 52. g4
Rb3+ 53. Kf4 Rb4+ 1/2-1/2

[Event "Madrid ch - Previa A"]
[Site "Madrid ESP"]
[Date "2009.11.12"]
[Round "6.19"]
[White "Diaz Begonte, Manuel"]
[Black "Ortega Morales, Pedro"]
[Result "1-0"]
[WhiteElo "1793"]
[BlackElo "1809"]
[PlyCount "71"]
[EventDate "2009.11.02"]
[EventType "swiss"]
[EventRounds "9"]
[EventCountry "ESP"]
[Source "lmi"]
[SourceDate "2009.11.02"]

1. d4 Nf6 2. Nc3 d5 3. Bf4 e6 4. e3 Bd6 5. Bg5 Be7 6. Nf3 h6 7. Bh4 Nbd7 8. Bd3
c5 9. O-O a6 10. Re1 c4 11. Bf1 b5 12. a3 Bb7 13. Bg3 Rc8 14. Ne5 b4 15. axb4
Bxb4 16. f3 O-O 17. Bh4 Qc7 18. Nxd7 Qxd7 19. Bxf6 gxf6 20. f4 f5 21. Qh5 Kh7
22. g3 a5 23. Bh3 Rg8 24. Re2 Rg7 25. Nd1 a4 26. c3 Bd6 27. Nf2 Bc6 28. Kh1 Rh8
29. g4 fxg4 30. Nxg4 Rg6 31. Rg1 Qe7 32. Reg2 Qf8 33. f5 exf5 34. Qxf5 Qe7 35.
Nxh6 Bd7 36. Qh5 1-0

[Event "Madrid ch - Previa A"]
[Site "Madrid ESP"]
[Date "2009.11.12"]
[Round "6.20"]
[White "Benitez Cadenas, Luis Miguel"]
[Black "Pardiñas Riaño, Emilio"]
[Result "0-1"]
[WhiteElo "1774"]
[BlackElo "1838"]
[PlyCount "58"]
[EventDate "2009.11.02"]
[EventType "swiss"]
[EventRounds "9"]
[EventCountry "ESP"]
[Source "lmi"]
[SourceDate "2009.11.02"]

1. c4 e5 2. Nc3 Nf6 3. g3 d5 4. cxd5 Nxd5 5. Bg2 Nb6 6. Nf3 Nc6 7. O-O Bd6 8.
d3 O-O 9. Bg5 Qe8 10. a3 h6 11. Be3 Nd7 12. Nb5 Nf6 13. Nxd6 cxd6 14. b4 a6 15.
Nd2 Be6 16. Rc1 Rc8 17. Nc4 Bxc4 18. Rxc4 Qe6 19. Bxc6 bxc6 20. Qa4 Qh3 21. Rh4
Qd7 22. Bxh6 gxh6 23. Rxh6 Kg7 24. Rh4 Rh8 25. b5 axb5 26. Qb4 Rxh4 27. Qxh4
Qg4 28. Qxg4+ Nxg4 29. h3 Nf6 0-1

[Event "Madrid ch - Previa A"]
[Site "Madrid ESP"]
[Date "2009.11.12"]
[Round "6.21"]
[White "Barragan Panal, Juan Jose"]
[Black "Stet, Nutu"]
[Result "1/2-1/2"]
[WhiteElo "1687"]
[BlackElo "1819"]
[PlyCount "108"]
[EventDate "2009.11.02"]
[EventType "swiss"]
[EventRounds "9"]
[EventCountry "ESP"]
[Source "lmi"]
[SourceDate "2009.11.02"]

1. c4 Nf6 2. Nc3 e6 3. Nf3 Be7 4. g3 c6 5. Bg2 d5 6. cxd5 cxd5 7. O-O Nc6 8. d4
Bd7 9. Bf4 Nh5 10. Qd2 Nxf4 11. Qxf4 O-O 12. Qd2 Rc8 13. Rac1 Bb4 14. a3 Be7
15. e3 Na5 16. Qd1 Nc4 17. Qe2 Rc7 18. Ne5 Nxe5 19. dxe5 a6 20. b4 Qc8 21. Qb2
f6 22. f4 fxe5 23. fxe5 Rxf1+ 24. Bxf1 Bg5 25. Qd2 b5 26. Ne2 Rc4 27. Rxc4 bxc4
28. Qc3 Qb8 29. Qd4 Bd8 30. Nf4 Bc7 31. Bxc4 Bxe5 32. Qd2 Qd6 33. Bb3 Bb5 34.
Nd3 Bf6 35. Nc5 Be7 36. Nxe6 Bc4 37. Nd4 Bxb3 38. Nxb3 Bf6 39. Nc5 Qc6 40. Qd3
a5 41. Qa6 Qxa6 42. Nxa6 axb4 43. axb4 Bd8 44. Kf2 Kf7 45. Ke2 Ke6 46. Kd3 Ke5
47. Nc5 Be7 48. Nd7+ Kd6 49. Nc5 Kc6 50. Ne6 g6 51. e4 dxe4+ 52. Kxe4 Bxb4 53.
Ke5 Bc3+ 54. Ke4 Bb4 1/2-1/2

[Event "Madrid ch - Previa A"]
[Site "Madrid ESP"]
[Date "2009.11.12"]
[Round "6.23"]
[White "Romero Jaime, Pedro"]
[Black "Cortijo Manso, Luis"]
[Result "1-0"]
[WhiteElo "1730"]
[BlackElo "1628"]
[PlyCount "113"]
[EventDate "2009.11.02"]
[EventType "swiss"]
[EventRounds "9"]
[EventCountry "ESP"]
[Source "lmi"]
[SourceDate "2009.11.02"]

1. d4 Nf6 2. c4 g6 3. Nc3 d5 4. Nf3 Bg7 5. Bg5 dxc4 6. e4 O-O 7. Bxc4 a6 8. Bb3
Nc6 9. e5 Ne8 10. O-O Na5 11. Bc2 b5 12. a3 c6 13. h3 Nc7 14. Re1 Ne6 15. Bh4
Nc4 16. Rb1 Bb7 17. Be4 Nb6 18. Ne2 Nd5 19. Rc1 Rc8 20. b4 Qd7 21. Qb3 Rfd8 22.
Red1 Qe8 23. Bb1 Rd7 24. Nd2 Ndf4 25. Nxf4 Nxf4 26. Re1 Rxd4 27. Nf3 Rdd8 28.
Be4 Ne6 29. Bg3 Nd4 30. Nxd4 Rxd4 31. Rc5 e6 32. Qf3 Qd7 33. Rec1 Rc4 34. R1xc4
bxc4 35. Rxc4 Qc7 36. Qc3 Qd7 37. Rd4 Qe8 38. Rd1 Qe7 39. Qf3 Qc7 40. Qc3 Qe7
41. h4 h5 42. Qf3 Qc7 43. Qc3 Qe7 44. Rd6 Qc7 45. Qd3 Qe7 46. Rd7 Qe8 47. Rxb7
c5 48. bxc5 Rxc5 49. Qd6 Rc1+ 50. Kh2 Qa4 51. Bf3 Qa5 52. Bf4 Qe1 53. Bxc1
Bxe5+ 54. Qxe5 Qxe5+ 55. g3 Qc3 56. Rb8+ Kh7 57. Bb2 1-0

[Event "Madrid ch - Previa A"]
[Site "Madrid ESP"]
[Date "2009.11.12"]
[Round "6.25"]
[White "Perez Romana, David"]
[Black "Hernanz Villaoslada, Javier"]
[Result "0-1"]
[WhiteElo "1579"]
[BlackElo "1705"]
[PlyCount "54"]
[EventDate "2009.11.02"]
[EventType "swiss"]
[EventRounds "9"]
[EventCountry "ESP"]
[Source "lmi"]
[SourceDate "2009.11.02"]

1. e4 e5 2. Nf3 Nf6 3. Nc3 d6 4. Bc4 Bg4 5. d3 Be7 6. h3 Bh5 7. Be3 Nc6 8. Qd2
h6 9. O-O-O Bg6 10. g4 a6 11. g5 hxg5 12. Nxg5 Na5 13. f4 b5 14. Bd5 c6 15. Bb3
Nxb3+ 16. axb3 a5 17. fxe5 dxe5 18. Qe2 a4 19. bxa4 b4 20. Nb1 Rxa4 21. b3 Ra2
22. Bf2 Nd7 23. h4 Bh5 24. Qd2 Bxd1 25. Rxd1 Qa5 26. d4 Ra1 27. dxe5 Qa3# 0-1

[Event "Madrid ch - Previa A"]
[Site "Madrid ESP"]
[Date "2009.11.12"]
[Round "6.26"]
[White "Perez Herrero, Angel"]
[Black "Poblador Dieguez, Alfredo"]
[Result "0-1"]
[WhiteElo "1627"]
[BlackElo "1661"]
[PlyCount "63"]
[EventDate "2009.11.02"]
[EventType "swiss"]
[EventRounds "9"]
[EventCountry "ESP"]
[Source "lmi"]
[SourceDate "2009.11.02"]

1. e4 c5 2. Nf3 d6 3. d4 cxd4 4. Nxd4 Nf6 5. Nc3 a6 6. Bg5 e6 7. Qd2 Nbd7 8.
Bd3 Qc7 9. O-O b5 10. b4 Bb7 11. h3 d5 12. exd5 Bxb4 13. Nde2 Nxd5 14. Be4 Nxc3
15. Bxb7 Nxe2+ 16. Qxe2 Qxb7 17. Qg4 Bc3 18. Rad1 h6 19. Bf4 Rc8 20. Rd3 Ne5
21. Bxe5 Bxe5 22. Rfd1 O-O 23. f4 Bf6 24. Qh5 Qe4 25. R1d2 Qxf4 26. Rf2 Bd4 27.
Rdf3 Bxf2+ 28. Rxf2 Qe3 29. Qh4 Rxc2 30. g4 Rxf2 31. Qxf2 Qxf2+ 32. Kxf2 0-1

[Event "Madrid ch - Previa A"]
[Site "Madrid ESP"]
[Date "2009.11.16"]
[Round "7.1"]
[White "Sotnikov, Taras"]
[Black "Canseco Arenas, Alfonso"]
[Result "1-0"]
[WhiteElo "1971"]
[BlackElo "1789"]
[PlyCount "51"]
[EventDate "2009.11.02"]
[EventType "swiss"]
[EventRounds "9"]
[EventCountry "ESP"]
[Source "lmi"]
[SourceDate "2009.11.02"]

1. e4 c5 2. c3 d6 3. d4 cxd4 4. cxd4 Nf6 5. Nc3 e6 6. Nf3 Be7 7. Bd3 Nc6 8. O-O
O-O 9. Be3 a6 10. Rc1 Bd7 11. a3 b5 12. b4 Rc8 13. Bb1 Ng4 14. Bd2 h6 15. h3
Nf6 16. Bf4 Na7 17. Qd3 e5 18. dxe5 dxe5 19. Bxe5 Be6 20. Nd5 Nc6 21. Bxf6 gxf6
22. Rfd1 Kh8 23. Qe3 Bxd5 24. Qxh6+ Kg8 25. exd5 f5 26. Bxf5 1-0

[Event "Madrid ch - Previa A"]
[Site "Madrid ESP"]
[Date "2009.11.16"]
[Round "7.3"]
[White "Alvarez Abejon, Amilcar"]
[Black "Rodriguez Vignote, Javier"]
[Result "1-0"]
[WhiteElo "2063"]
[BlackElo "1874"]
[PlyCount "61"]
[EventDate "2009.11.02"]
[EventType "swiss"]
[EventRounds "9"]
[EventCountry "ESP"]
[Source "lmi"]
[SourceDate "2009.11.02"]

1. e4 e6 2. d4 d5 3. Nd2 Nf6 4. e5 Nfd7 5. Bd3 c5 6. c3 Nc6 7. Ne2 cxd4 8. cxd4
f6 9. exf6 Nxf6 10. Nf3 Bd6 11. O-O Qc7 12. Bg5 O-O 13. Rc1 Ng4 14. Ng3 h6 15.
Bd2 Qb6 16. Bc3 e5 17. dxe5 Ngxe5 18. Nxe5 Nxe5 19. Bb1 Be6 20. Qc2 Kf7 21.
Bxe5 Bxe5 22. Qg6+ Ke7 23. Rce1 Qxb2 24. Bf5 Bf7 25. Qxg7 Kd6 26. Qxh6+ Bf6 27.
Rb1 Qd4 28. Rfd1 Qh4 29. Qe3 Rfe8 30. Qa3+ Kc7 31. Rdc1+ 1-0

[Event "Madrid ch - Previa A"]
[Site "Madrid ESP"]
[Date "2009.11.16"]
[Round "7.4"]
[White "Garcia Gutierrez, Jose"]
[Black "Tirado Parra, Alberto"]
[Result "1-0"]
[WhiteElo "2053"]
[BlackElo "1949"]
[PlyCount "59"]
[EventDate "2009.11.02"]
[EventType "swiss"]
[EventRounds "9"]
[EventCountry "ESP"]
[Source "lmi"]
[SourceDate "2009.11.02"]

1. g3 d5 2. Bg2 e5 3. c4 Nf6 4. cxd5 Nxd5 5. Nc3 Be6 6. Nf3 Nc6 7. O-O Be7 8.
d3 O-O 9. Qd2 h6 10. Qd1 Qd7 11. Bd2 Rad8 12. a3 f5 13. Qc2 Bf6 14. Rac1 Kh8
15. Na4 Qf7 16. Nc5 Bc8 17. e4 Nde7 18. exf5 Nxf5 19. Bc3 Qd5 20. b4 Qg8 21.
Ne4 Nfd4 22. Bxd4 Nxd4 23. Nxd4 Rxd4 24. Qxc7 Qe6 25. Nc5 Qa2 26. Ne4 Qe6 27.
Rc3 Rfd8 28. Rfc1 R4d7 29. Qb8 Rxd3 30. Rxd3 1-0

[Event "Madrid ch - Previa A"]
[Site "Madrid ESP"]
[Date "2009.11.16"]
[Round "7.5"]
[White "Tipter, Napoleon"]
[Black "Osorio Ramos, Francisco"]
[Result "1/2-1/2"]
[WhiteElo "2048"]
[BlackElo "1946"]
[PlyCount "97"]
[EventDate "2009.11.02"]
[EventType "swiss"]
[EventRounds "9"]
[EventCountry "ESP"]
[Source "lmi"]
[SourceDate "2009.11.02"]

1. e4 c5 2. Nf3 d6 3. d4 cxd4 4. Nxd4 Nf6 5. Nc3 a6 6. Be3 e5 7. Nb3 Be7 8. f3
Be6 9. Qd2 O-O 10. O-O-O Qc7 11. g4 b5 12. h4 Nbd7 13. g5 Nh5 14. Bh3 Rfc8 15.
Bg4 Nf4 16. Rh2 Nb6 17. Bxb6 Qxb6 18. Nd5 Nxd5 19. exd5 Bxg4 20. fxg4 a5 21.
Qd3 Rc4 22. Rg2 Qb7 23. Rf1 a4 24. Nd2 Rd4 25. Qf3 Qxd5 26. Qxd5 Rxd5 27. c3 a3
28. b3 b4 29. Nc4 bxc3 30. Nb6 Rd2 31. Rxd2 cxd2+ 32. Kxd2 Rb8 33. Nd5 Bd8 34.
Rc1 Rb5 35. Ne3 Ba5+ 36. Kd3 g6 37. Rc8+ Kg7 38. h5 e4+ 39. Kxe4 Rxg5 40. hxg6
hxg6 41. Kf3 Rc5 42. Ra8 Bd2 43. Nc4 Bc1 44. Nxd6 Rc3+ 45. Ke2 Bf4 46. Nc4 Rc2+
47. Kd1 Rc1+ 48. Ke2 Rc2+ 49. Kd1 1/2-1/2

[Event "Madrid ch - Previa A"]
[Site "Madrid ESP"]
[Date "2009.11.16"]
[Round "7.6"]
[White "Perez Cameselle, Francisco"]
[Black "Caceres Rodriguez, Jose J"]
[Result "1-0"]
[WhiteElo "1930"]
[BlackElo "1997"]
[PlyCount "47"]
[EventDate "2009.11.02"]
[EventType "swiss"]
[EventRounds "9"]
[EventCountry "ESP"]
[Source "lmi"]
[SourceDate "2009.11.02"]

1. Nf3 d5 2. g3 Nf6 3. Bg2 g6 4. d3 Bg7 5. Nbd2 O-O 6. O-O c5 7. e4 Nc6 8. Qe2
Nd4 9. Nxd4 cxd4 10. Nb3 a5 11. a4 e5 12. f4 Bg4 13. Qf2 dxe4 14. dxe4 Be6 15.
Nc5 Bc4 16. Nd3 Rc8 17. Rd1 Nd7 18. Kh1 f6 19. b3 Bxd3 20. Rxd3 Nc5 21. Rd1 Na6
22. Ba3 Nb4 23. Rac1 Qb6 24. c3 1-0

[Event "Madrid ch - Previa A"]
[Site "Madrid ESP"]
[Date "2009.11.16"]
[Round "7.7"]
[White "Iagar, Razvan-Gabriel"]
[Black "Camarero Izquierdo, Juan Carlos"]
[Result "1-0"]
[WhiteElo "1971"]
[BlackElo "1930"]
[PlyCount "79"]
[EventDate "2009.11.02"]
[EventType "swiss"]
[EventRounds "9"]
[EventCountry "ESP"]
[Source "lmi"]
[SourceDate "2009.11.02"]

1. d4 f5 2. c4 e6 3. Nf3 Nf6 4. g3 Bb4+ 5. Bd2 a5 6. a3 Bxd2+ 7. Nbxd2 O-O 8.
Bg2 Nc6 9. O-O Qe8 10. Qc2 d5 11. cxd5 exd5 12. e3 Qh5 13. Rfd1 Ne4 14. Rac1 a4
15. Nb1 f4 16. exf4 Bg4 17. Rd3 Bf5 18. Nh4 Nxf2 19. Kxf2 Bxd3 20. Qxd3 Ne7 21.
Qe2 Rxf4+ 22. gxf4 Qxh4+ 23. Kg1 Qxf4 24. Rd1 Qg5 25. Qe6+ Kh8 26. Re1 Ng6 27.
Qe8+ Nf8 28. Qxa8 Qf4 29. Rf1 Qxd4+ 30. Kh1 h5 31. Qxf8+ Kh7 32. Qf5+ g6 33.
Qf7+ Kh6 34. Qf4+ Qxf4 35. Rxf4 c6 36. Rxa4 Kg5 37. Nc3 Kf5 38. Nxd5 Ke5 39.
Ne7 g5 40. Nxc6+ 1-0

[Event "Madrid ch - Previa A"]
[Site "Madrid ESP"]
[Date "2009.11.16"]
[Round "7.8"]
[White "Martin Prieto, Oscar"]
[Black "Garcia Gonzalez, Pedro A"]
[Result "1-0"]
[WhiteElo "1967"]
[BlackElo "1911"]
[PlyCount "25"]
[EventDate "2009.11.02"]
[EventType "swiss"]
[EventRounds "9"]
[EventCountry "ESP"]
[Source "lmi"]
[SourceDate "2009.11.02"]

1. d4 f5 2. e4 fxe4 3. Nc3 Nf6 4. g4 h6 5. g5 hxg5 6. Bxg5 d5 7. f3 Bf5 8. Qe2
a6 9. O-O-O Nc6 10. Bxf6 gxf6 11. fxe4 dxe4 12. Nxe4 Qd5 13. Nxf6+ 1-0

[Event "Madrid ch - Previa A"]
[Site "Madrid ESP"]
[Date "2009.11.16"]
[Round "7.9"]
[White "Fernandez Garcia, Ignacio"]
[Black "Spitzer Isbert, Ramon"]
[Result "0-1"]
[WhiteElo "1895"]
[BlackElo "2064"]
[PlyCount "50"]
[EventDate "2009.11.02"]
[EventType "swiss"]
[EventRounds "9"]
[EventCountry "ESP"]
[Source "lmi"]
[SourceDate "2009.11.02"]

1. e4 Nf6 2. e5 Nd5 3. c4 Nb6 4. d4 d6 5. f4 dxe5 6. fxe5 Nc6 7. Nf3 Bg4 8. Be3
e6 9. Nc3 Be7 10. Be2 Bxf3 11. gxf3 Bh4+ 12. Kf1 O-O 13. Rg1 f6 14. exf6 Bxf6
15. Rg4 Qd7 16. Qd2 Rad8 17. Rd1 e5 18. Ne4 exd4 19. Bf2 Ne5 20. Nxf6+ Rxf6 21.
Rxd4 Qh3+ 22. Ke1 Rdf8 23. Rd8 Qg2 24. Rxf8+ Rxf8 25. f4 Qh1+ 0-1

[Event "Madrid ch - Previa A"]
[Site "Madrid ESP"]
[Date "2009.11.16"]
[Round "7.11"]
[White "Lopez Heras, Arturo"]
[Black "Rodriguez Bachiller, Luis"]
[Result "1-0"]
[WhiteElo "1979"]
[BlackElo "1879"]
[PlyCount "97"]
[EventDate "2009.11.02"]
[EventType "swiss"]
[EventRounds "9"]
[EventCountry "ESP"]
[Source "lmi"]
[SourceDate "2009.11.02"]

1. e4 c5 2. Nf3 Nc6 3. c3 d5 4. e5 Bg4 5. Bb5 Qb6 6. Bxc6+ Qxc6 7. O-O d4 8.
Nxd4 Bxd1 9. Nxc6 Ba4 10. Na5 b6 11. Nb3 e6 12. d4 Bxb3 13. axb3 cxd4 14. cxd4
Ne7 15. Nc3 a6 16. Nb5 Nd5 17. Bd2 Be7 18. Rfc1 Kd7 19. Na3 Rhc8 20. Nc4 b5 21.
Ne3 Rxc1+ 22. Rxc1 Nf4 23. Kf1 Rc8 24. Rc3 h5 25. g3 Ng6 26. f4 h4 27. d5 exd5
28. Nxd5 Bc5 29. Be3 Bxe3 30. Nxe3 hxg3 31. hxg3 Ne7 32. Ke2 Rc6 33. Kf3 Ke6
34. Ke4 g6 35. g4 Kd7 36. Nd5 f5+ 37. gxf5 Nxf5 38. Rxc6 Kxc6 39. Nb4+ Kb6 40.
Kd5 Ne3+ 41. Kd6 Nf5+ 42. Kd7 a5 43. Nd3 b4 44. e6 Kb5 45. e7 Ng7 46. e8=Q Nxe8
47. Kxe8 a4 48. bxa4+ Kxa4 49. Nxb4 1-0

[Event "Madrid ch - Previa A"]
[Site "Madrid ESP"]
[Date "2009.11.16"]
[Round "7.13"]
[White "Vukotic Jovsic, Dragan"]
[Black "Lopez Rodriguez, Eduardo"]
[Result "1-0"]
[WhiteElo "1970"]
[BlackElo "1877"]
[PlyCount "25"]
[EventDate "2009.11.02"]
[EventType "swiss"]
[EventRounds "9"]
[EventCountry "ESP"]
[Source "lmi"]
[SourceDate "2009.11.02"]

1. d4 Nf6 2. Bf4 d5 3. c4 c6 4. cxd5 Nxd5 5. Bxb8 Rxb8 6. e4 Qa5+ 7. Nc3 Nxc3
8. Qd2 e6 9. bxc3 Be7 10. Bd3 b5 11. Nf3 b4 12. c4 b3 13. Qxa5 1-0

[Event "Madrid ch - Previa A"]
[Site "Madrid ESP"]
[Date "2009.11.16"]
[Round "7.14"]
[White "Lopez Peral, Enrique"]
[Black "Huerta Navarro, Eusebio"]
[Result "1-0"]
[WhiteElo "1864"]
[BlackElo "1948"]
[PlyCount "109"]
[EventDate "2009.11.02"]
[EventType "swiss"]
[EventRounds "9"]
[EventCountry "ESP"]
[Source "lmi"]
[SourceDate "2009.11.02"]

1. c4 c5 2. Nc3 Nc6 3. Nf3 Nf6 4. g3 g6 5. Bg2 Bg7 6. O-O O-O 7. d4 cxd4 8.
Nxd4 Rb8 9. Bf4 d6 10. Be3 Ne5 11. b3 a6 12. h3 Bd7 13. Rc1 Qc8 14. Kh2 Nc6 15.
Nf3 Qe8 16. Qd2 Nd8 17. Bh6 Bc6 18. Bxg7 Kxg7 19. Nd4 Bxg2 20. Kxg2 Nc6 21. e4
Kg8 22. Nce2 Nxd4 23. Qxd4 Qc6 24. Nc3 Rfd8 25. f3 Qc5 26. Rcd1 Rbc8 27. Nd5
Nxd5 28. Qxd5 Qxd5 29. Rxd5 Rc5 30. Rfd1 Rdc8 31. a4 Rxd5 32. Rxd5 Rc5 33. Rd3
Kf8 34. f4 f6 35. Kf3 Kf7 36. g4 h5 37. Ke3 Rc8 38. g5 Rc5 39. Rd5 fxg5 40.
fxg5 Ke6 41. Kd4 b6 42. b4 Rc8 43. a5 Rb8 44. b5 bxa5 45. bxa6 Kd7 46. Rxa5 Kc6
47. e5 Ra8 48. a7 Kb6 49. Ra4 Kc6 50. exd6 exd6 51. h4 Kd7 52. Kd5 Kc7 53. Ra3
Kb7 54. Kxd6 Rd8+ 55. Ke7 1-0

[Event "Madrid ch - Previa A"]
[Site "Madrid ESP"]
[Date "2009.11.16"]
[Round "7.15"]
[White "Carrera Cabaneros, Francisco"]
[Black "Lozano Sanchez, Jose Antonio"]
[Result "0-1"]
[WhiteElo "1816"]
[BlackElo "1912"]
[PlyCount "90"]
[EventDate "2009.11.02"]
[EventType "swiss"]
[EventRounds "9"]
[EventCountry "ESP"]
[Source "lmi"]
[SourceDate "2009.11.02"]

1. d4 d5 2. c4 Nf6 3. Nc3 c6 4. Bf4 Qb6 5. b3 Bf5 6. e3 Nbd7 7. Bd3 Ne4 8. Nge2
Ndf6 9. O-O e6 10. f3 Nxc3 11. Nxc3 Bb4 12. Rc1 Qa5 13. Na4 O-O 14. Bxf5 exf5
15. Rf2 Rfe8 16. Qc2 g6 17. c5 Nh5 18. Bh6 Re6 19. g4 fxg4 20. fxg4 Nf6 21. g5
Ng4 22. Rcf1 Nxf2 23. Qxf2 Qc7 24. Nb2 Rae8 25. Nd3 a5 26. Nf4 Qe7 27. Nxe6
Qxe6 28. Qf6 Qxf6 29. gxf6 Bd2 30. Kf2 Re6 31. Ke2 Bc3 32. h4 Bxd4 33. Bg5 h5
34. Kd3 Bxc5 35. Rc1 Bd6 36. Rc3 Kf8 37. a4 Ke8 38. Rc1 Kd7 39. Rd1 Re4 40. Rf1
Ke6 41. Rf3 Be5 42. Rh3 Bxf6 43. Bf4 Be5 44. Rf3 Bxf4 45. exf4 Kf5 0-1

[Event "Madrid ch - Previa A"]
[Site "Madrid ESP"]
[Date "2009.11.16"]
[Round "7.16"]
[White "Diaz Begonte, Manuel"]
[Black "Beekhof Harmsen, Willen"]
[Result "1-0"]
[WhiteElo "1793"]
[BlackElo "1872"]
[PlyCount "77"]
[EventDate "2009.11.02"]
[EventType "swiss"]
[EventRounds "9"]
[EventCountry "ESP"]
[Source "lmi"]
[SourceDate "2009.11.02"]

1. e4 d6 2. d4 c5 3. dxc5 Qa5+ 4. Nc3 Qxc5 5. Be3 Qa5 6. Bc4 Nf6 7. f3 g6 8.
Nge2 Bg7 9. O-O O-O 10. a3 Qc7 11. Bd3 a6 12. Qd2 Rd8 13. Na4 Nbd7 14. c4 Nc5
15. Nxc5 dxc5 16. Qc2 b6 17. Rad1 Bb7 18. Bf4 e5 19. Be3 Nd7 20. Nc3 Nf8 21.
Nd5 Qd6 22. f4 Ne6 23. f5 Bxd5 24. exd5 Nd4 25. Qf2 Qf6 26. Qd2 Nb3 27. Qc2 Nd4
28. Bxd4 exd4 29. fxg6 Qh4 30. gxf7+ Kh8 31. Rf3 h6 32. Rdf1 Rf8 33. Qe2 Qg4
34. Qe6 Qxe6 35. dxe6 Ra7 36. g4 Re7 37. Re1 Rd8 38. g5 Rf8 39. Kf2 1-0

[Event "Madrid ch - Previa A"]
[Site "Madrid ESP"]
[Date "2009.11.16"]
[Round "7.17"]
[White "Pardiñas Riaño, Emilio"]
[Black "Maseda Iglesias, Luis"]
[Result "1/2-1/2"]
[WhiteElo "1838"]
[BlackElo "1839"]
[PlyCount "163"]
[EventDate "2009.11.02"]
[EventType "swiss"]
[EventRounds "9"]
[EventCountry "ESP"]
[Source "lmi"]
[SourceDate "2009.11.02"]

1. e4 e6 2. d4 d5 3. Nc3 Nf6 4. e5 Nfd7 5. f4 c5 6. Nf3 Nc6 7. Be3 Be7 8. Be2
a6 9. O-O b5 10. a3 Qb6 11. Bf2 Bb7 12. Qd2 Nxd4 13. Nxd4 cxd4 14. Bxd4 Bc5 15.
Rad1 Rc8 16. Bf3 Ke7 17. Ne2 Rc7 18. c3 Rhc8 19. Qe1 Bxd4+ 20. Nxd4 h6 21. Qh4+
Kf8 22. Kh1 Nc5 23. Rfe1 a5 24. f5 exf5 25. Nxf5 Qg6 26. Nd6 Rb8 27. Nxb7 Rcxb7
28. Rxd5 Ne6 29. Red1 Re7 30. Qf2 Qg5 31. Qf1 Nc7 32. Rd8+ Re8 33. R8d7 Qxe5
34. Bh5 Qxh5 35. Rxc7 Kg8 36. h3 Rbd8 37. Rcd7 Rxd7 38. Rxd7 f6 39. Rd2 Qe5 40.
Qd3 Qe1+ 41. Kh2 Re5 42. Qd8+ Kh7 43. Qd3+ Kg8 44. Rd1 Qf2 45. b4 axb4 46. axb4
Qf4+ 47. Kh1 Qf2 48. Qf1 Qe3 49. Rc1 Qd2 50. c4 Qxb4 51. cxb5 Qxb5 52. Rb1
Qxf1+ 53. Rxf1 h5 54. Kh2 Kf7 55. Kg3 g5 56. Ra1 Kg6 57. Kf3 Rf5+ 58. Kg3 h4+
59. Kh2 Re5 60. Rf1 Re3 61. Rf2 f5 62. Rd2 g4 63. hxg4 fxg4 64. Rd5 Re2 65. Rd3
Kf5 66. Kg1 g3 67. Rd1 Ke4 68. Rf1 Ke3 69. Rd1 Rb2 70. Re1+ Re2 71. Rd1 Rc2 72.
Re1+ Kd2 73. Kf1 Rc4 74. Re2+ Kd3 75. Re1 Rf4+ 76. Kg1 Kd2 77. Ra1 Rc4 78. Kf1
Rc2 79. Re1 Kd3 80. Rd1+ Ke3 81. Re1+ Kf4 82. Kg1 1/2-1/2